000 00451nam a2200181Ia 4500
001 2581
005 20260306144817.0
008 260306t2014||||xx |||||||||||||| ||spa||
041 _aESP
082 _a616.89152
_bI68
100 _aIrazábal Martín, Emilio
_eAUT
245 0 _aSituaciones grupales difíciles en salud mental
260 _c2014
300 _a450 páginas :
_c21 cm.
650 _aGEN
654 _aCPS
942 _cLIB
_dJUS
_fJUS
_2ddc
_n
999 _c2581
_d2581